The basics of social research / (Record no. 96078)

MARC details
000 -LEADER
fixed length control field 01194nam a22003017a 4500
005 - DATE AND TIME OF LATEST TRANSACTION
control field 20180224155621.0
010 ## - LCCN (DPL NO)
LC control number 1516EN07 ENG-114554 B-663996
020 ## - INTERNATIONAL STANDARD BOOK NUMBER
International Standard Book Number 9788131527269
Terms of availability 1295.00
020 ## - INTERNATIONAL STANDARD BOOK NUMBER
International Standard Book Number 8131527263
Terms of availability 1295.00
035 ## - SYSTEM CONTROL NUMBER
System control number EN-98086
035 ## - SYSTEM CONTROL NUMBER
System control number B-605097-107
035 ## - SYSTEM CONTROL NUMBER
System control number B-663996
037 ## - SOURCE OF ACQUISITION
Source of stock number/acquisition Rajasthani Granthgar
Stock number dpl
037 ## - SOURCE OF ACQUISITION
Source of stock number/acquisition DBAD/PUB
082 ## - DEWEY DECIMAL CLASSIFICATION NUMBER
Classification number 301.072
100 ## - MAIN ENTRY--PERSONAL NAME
Personal name Babbie, Earl
245 00 - TITLE STATEMENT
Title The basics of social research /
Statement of responsibility, etc by Earl Babbie
250 ## - EDITION STATEMENT
Edition statement 6th ed
260 ## - PUBLICATION, DISTRIBUTION, ETC. (IMPRINT)
Place of publication, distribution, etc Delhi
Name of publisher, distributor, etc Cengage Learninig
Date of publication, distribution, etc 2015
270 ## - ADDRESS
Address 418, F.I.E, Patparganj,
City Delhi
Postal code 110092
300 ## - PHYSICAL DESCRIPTION
Extent xxvii, 542p. :
Dimensions 26cm(pbk)
Other physical details ill.
500 ## - GENERAL NOTE
General note Includes bibliographical references and index
650 ## - SUBJECT ADDED ENTRY--TOPICAL TERM
Topical term or geographic name as entry element Social sciences
General subdivision Research.
650 ## - SUBJECT ADDED ENTRY--TOPICAL TERM
Topical term or geographic name as entry element Social sciences
General subdivision Methodology.
942 ## - ADDED ENTRY ELEMENTS (KOHA)
Source of classification or shelving scheme Dewey Decimal Classification
Item type English Books
Call number suffix BAB
Classification part 301.072
Holdings
Withdrawn status Lost status Not for loan Collection code Home library Current library Date acquired Source of acquisition Cost, normal purchase price Full call number Barcode Copy number Cost, replacement price Koha item type
      Non-fiction Ashok Vihar Ashok Vihar 24/02/2018 RG/590/22.02.17/401/15.02.17/01.03.17 1295.00 301.072 BAB B-663996 1 1295.00 English Books
      Non-fiction Bawana Bawana 22/07/2016 RG/251/19.09.2015/136/16.9.2015/15.10.2015 1295.00 301.072 BAB B-605105 1 1295.00 English Books
      Non-fiction Bawana Bawana 22/07/2016 RG/251/19.09.2015/136/16.9.2015/15.10.2015 1295.00 301.072 BAB B-605107 1 1295.00 English Books
      Non-fiction Central Library Central Library 22/07/2016 RG/251/19.09.2015/136/16.9.2015/15.10.2015 1295.00 301.072 BAB B-605097 2 1295.00 English Books
      Non-fiction Central Library Central Library 22/07/2016 RG/251/19.09.2015/136/16.9.2015/15.10.2015 1295.00 301.072 BAB B-605098 2 1295.00 English Books
    Not For Loan Non-fiction D.B.Act.Division D.B.Act.Division 16/12/2015 DBAD/PUB 1295.00 301.072 EAR EN-98086 1 1295.00 English Books
      Non-fiction Janak Puri Janak Puri 22/07/2016 RG/251/19.09.2015/136/16.9.2015/15.10.2015 1295.00 301.072 BAB B-605103 1 1295.00 English Books
      Non-fiction Kasturba Gandhi Marg Kasturba Gandhi Marg 22/07/2016 RG/251/19.09.2015/136/16.9.2015/15.10.2015 1295.00 301.072 BAB B-605101 1 1295.00 English Books
      Non-fiction Narela Narela 22/07/2016 RG/251/19.09.2015/136/16.9.2015/15.10.2015 1295.00 301.072 BAB B-605106 1 1295.00 English Books
      Non-fiction New Police Line New Police Line 22/07/2016 RG/251/19.09.2015/136/16.9.2015/15.10.2015 1295.00 301.072 BAB B-605099 1 1295.00 English Books
      Non-fiction Patel Nagar Patel Nagar 22/07/2016 RG/251/19.09.2015/136/16.9.2015/15.10.2015 1295.00 301.072 BAB B-605100 1 1295.00 English Books
      Non-fiction Peshwa Road Peshwa Road 22/07/2016 RG/251/19.09.2015/136/16.9.2015/15.10.2015 1295.00 301.072 BAB B-605102 1 1295.00 English Books
      Non-fiction Sarojini Nagar Sarojini Nagar 22/07/2016 RG/251/19.09.2015/136/16.9.2015/15.10.2015 1295.00 301.072 BAB B-605104 1 1295.00 English Books

© Delhi Public Library
Hit Counter
free hit counter